| 000 | 00401nam a2200157Ia 4500 | ||
|---|---|---|---|
| 008 | 180811s9999||||xx |||||||||||||| ||und|| | ||
| 020 | _a8176290785 | ||
| 082 |
_a341 _bDIW/P |
||
| 100 | _aDiwan, Paras | ||
| 245 | 0 | _aPrivate International Law:Indian and English | |
| 250 | _a4th Edition | ||
| 260 |
_aNew Delhi _bDeep & Deep Pub. _c1998 |
||
| 300 | _a745p. | ||
| 700 | _aDiwan, Peeyushi | ||
| 942 | _cBK | ||
| 999 |
_c2347 _d2347 |
||